Inventarizácia
Komplex informácií o dôležitej súčasti vedenia účtovníctva, ktorou je inventarizácia. Právna úprava inventarizácie v zákone o účtovníctve. Vymedzenie pojmov. Inventúra. Inventúrny súpis. Inventarizácia. Inventarizačné rozdiely. Účtovanie inventarizačných rozdielov. Daňové aspekty inventarizačných ro...
Salvato in:
| Autore principale: | |
|---|---|
| Natura: | Capitolo di libro |
| Lingua: | slovacco |
| Soggetti: | |
| Tags: |
Nessun Tag, puoi essere il primo ad aggiungerne!!
|
MARC
| LEADER | 00000naa a2200000 4500 | ||
|---|---|---|---|
| 001 | r040675 | ||
| 005 | 20231003084306.6 | ||
| 041 | 0 | |a slo | |
| 044 | |a SK | ||
| 245 | 1 | 0 | |a Inventarizácia |c Božena Ninčáková |
| 520 | |a Komplex informácií o dôležitej súčasti vedenia účtovníctva, ktorou je inventarizácia. Právna úprava inventarizácie v zákone o účtovníctve. Vymedzenie pojmov. Inventúra. Inventúrny súpis. Inventarizácia. Inventarizačné rozdiely. Účtovanie inventarizačných rozdielov. Daňové aspekty inventarizačných rozdielov. | ||
| 610 | 2 | 0 | |a inventarizácia |
| 610 | 2 | 0 | |a inventúra |
| 610 | 2 | 0 | |a súpisy inventúrne |
| 610 | 2 | 0 | |a rozdiely inventarizačné |
| 610 | 2 | 0 | |a účtovanie |
| 610 | 2 | 0 | |a pojmy |
| 100 | 1 | |a Ninčáková, Božena | |